| 000 | 00848nam a2200205 i 4500 | ||
|---|---|---|---|
| 001 | 165311 | ||
| 003 | ES-MaACL | ||
| 005 | 20250909175246.0 | ||
| 008 | 990412m18721877sp |||| | spa d | ||
| 040 |
_aCCPB | B _bspa _cCCPB | B |
||
| 100 | 1 |
_aShakespeare, William, _d1564-1616 _9105992 |
|
| 245 | 1 | 0 |
_aObras de William Shakspeare [sic] / _ctraducidas fielmente del original inglés por Matías de Velasco y Rojas. |
| 260 |
_aMadrid : _b[s.n.], _c1872-1877 ( _fManuel Minuesa : R. Berenguillo) |
||
| 300 |
_a3 v. ; _c22 cm. |
||
| 505 | 8 | _aContiene: V. I: Poemas y sonetos -- V. II: El mercader de Venecia -- V. III: Julieta y Romeo | |
| 700 | 1 |
_aVelasco y Rojas, Matías de, _cMarqués de Dos Hermanas, _d1829-1900 _9113781 |
|
| 852 |
_aES-MaACL _jF-13528-29 _z-- Enc. hol. _q-- Falta el T. I |
||
| 999 |
_c165311 _d165311 |
||